Online Catalogue and eLibrary

The Lonely mirror : (Record no. 38)

MARC details
000 -LEADER
fixed length control field 00617pam a2200217 a 4500
001 - CONTROL NUMBER
control field 4868233
005 - DATE AND TIME OF LATEST TRANSACTION
control field 20231120022102.0
008 - FIXED-LENGTH DATA ELEMENTS--GENERAL INFORMATION
fixed length control field 920320s1993 enk b 001 0 eng
020 ## - INTERNATIONAL STANDARD BOOK NUMBER
ISBN 0415037778
020 ## - INTERNATIONAL STANDARD BOOK NUMBER
ISBN 0415037786(pbk)
040 ## - CATALOGING SOURCE (பட்டியலாக்க மூலம்)
Original cataloging agency DLC
Transcribing agency DLC
Modifying agency DLC
082 00 - DDC Classification
Class No. 305.42/01
DDC Edition Number 20
245 04 - TITLE STATEMENT
Title The Lonely mirror :
Remainder of title Italian perspectives on feminist theory /
Statement of responsibility, etc. edited by Sandra Kemp and Paola Bono.
260 ## - PUBLICATION, DISTRIBUTION, ETC.
Place of publication, distribution, etc. London ;
-- New York :
Name of publisher, distributor, etc. Routledge,
Date of publication, distribution, etc. 1993.
300 ## - PHYSICAL DESCRIPTION
Extent (e.g. Volumes, Pages etc.) x, 251 p. ;
650 #0 - SUBJECT ADDED ENTRY--TOPICAL TERM
Topical term or geographic name entry element Feminist theory.
650 #0 - SUBJECT ADDED ENTRY--TOPICAL TERM
Topical term or geographic name entry element Feminism
700 1# - ADDED ENTRY--PERSONAL NAME
Personal name Kemp, Sandra.
Relator term (Role) Editor
700 1# - ADDED ENTRY--PERSONAL NAME
Personal name Bono, Paola.
Relator term (Role) Editor
942 ## - Koha item type (Biblio)
Koha item type Books in Stacks (Lending)
Holdings
Lost status Damaged status Collection code Home library Current library Date acquired Full call number Accession Number Item type
    Lending WERC Library WERC Library 11/20/2023 305.42/01 3617 Books in Stacks (Lending)

© WERC Library